| 000 | 00641nam a2200193 a 4500 | ||
|---|---|---|---|
| 001 | 000032461 | ||
| 005 | 20240409073643.0 | ||
| 008 | 110718s1959 dr 000 0 spa d | ||
| 040 |
_aDO-SdBNP _bspa _cBNPHU |
||
| 082 |
_a923.17293053 _bT866L |
||
| 100 | 1 |
_aLomar, Martha, _d1893- _958415 |
|
| 245 | 1 | 0 |
_aTrujillo y yo / _cMartha Lomar. |
| 260 |
_aSanto Domingo : _b[s.n.], _c1959. |
||
| 300 |
_a96 p. : _bil., retrs. ; _c22 cm. |
||
| 600 | 1 | 0 |
_aTrujillo Molina, Rafael Leónidas, _d1891-1961 _xRelaciones con mujeres _946023 |
| 651 | 4 |
_aRepública Dominicana _xBiografías _91325 |
|
| 910 | _aValidado. Control de calidad EMS. | ||
| 049 | _aBNPD | ||
| 999 |
_c31952 _d31952 |
||